Principles of tort law. / (Record no. 5366)
[ view plain ]
| 000 -LEADER | |
|---|---|
| fixed length control field | 01144nam a22001817a 4500 |
| 008 - FIXED-LENGTH DATA ELEMENTS--GENERAL INFORMATION | |
| fixed length control field | 150209b xxu||||| |||| 00| 0 eng d |
| 020 ## - INTERNATIONAL STANDARD BOOK NUMBER | |
| International Standard Book Number | 1859414672 |
| 050 ## - LIBRARY OF CONGRESS CALL NUMBER | |
| Classification number | KD1949.H23 |
| 100 ## - MAIN ENTRY--PERSONAL NAME | |
| Personal name | Harpwood, Vivienne |
| 245 ## - TITLE STATEMENT | |
| Title | Principles of tort law. / |
| Statement of responsibility, etc. | Vivienne Harpwood, |
| 250 ## - EDITION STATEMENT | |
| Edition statement | 4th ed. |
| 260 ## - PUBLICATION, DISTRIBUTION, ETC. | |
| Place of publication, distribution, etc. | London: |
| Name of publisher, distributor, etc. | Cavendish publishing Ltd; |
| Date of publication, distribution, etc. | 2000. |
| 300 ## - PHYSICAL DESCRIPTION | |
| Extent | ixv, 521p.: |
| Other physical details | ills; |
| Dimensions | 24cm |
| 500 ## - GENERAL NOTE | |
| General note | Includes index |
| 505 ## - FORMATTED CONTENTS NOTE | |
| Formatted contents note | Contents: An Overview of the Law of Tort -- Introduction to the tort of Negligence -- Duty of care- General principles -- Duty of care- psychiatric injury -- Duty of care- Economic loss -- Situations in which no duty of care is owed -- Breach of duty the standard of care -- Causation and remoteness of damage -- Breach of statutory duty -- Occupiers' Liability -- Torts relating to Land -- Liability for animals -- Trespass to the person -- Employers' Liability -- Product Liability -- Vicarious Liability -- Trespass to goods -- Defamation and other torts affecting the reputation -- Remedies in tort -- Defences -- Criticisms of tort- reform -- Further reading. |
| 650 ## - SUBJECT ADDED ENTRY--TOPICAL TERM | |
| Topical term or geographic name entry element | Tort Law. |
| 942 ## - ADDED ENTRY ELEMENTS (KOHA) | |
| Source of classification or shelving scheme | Library of Congress Classification |
| Koha item type | Books |
| Withdrawn status | Lost status | Source of classification or shelving scheme | Damaged status | Not for loan | Home library | Current library | Shelving location | Date acquired | Total Checkouts | Full call number | Barcode | Date last seen | Copy number | Price effective from | Koha item type |
|---|---|---|---|---|---|---|---|---|---|---|---|---|---|---|---|
| Library of Congress Classification | WISCONSIN INTERNATIONAL UNIVERSITY COLLEGE, GHANA - MAIN LIBRARY | WISCONSIN INTERNATIONAL UNIVERSITY COLLEGE, GHANA - MAIN LIBRARY | Law Library | 09/02/2015 | KD1949.H23 | 2501/1498/15 | 09/02/2015 | 1 | 09/02/2015 | Books |
